Sức mạnh của tính cách

Uloženo v:
Podrobná bibliografie
Hlavní autor: dương tân- nguyên an
Médium: Kniha
Jazyk:Vietnamese
Vydáno: Hà Nội 2006
Tagy: Přidat tag
Žádné tagy, Buďte první, kdo otaguje tento záznam!
Thư viện lưu trữ: Mạng thư viện Đại học Đà Nẵng
LEADER 00626nam a2200277 4500
001 000027287
003 Dư-c2
005 20150403120000.0
008 150403s vm 000 vie
020 |c 53000,0000 
040 |a D7 
100 |a dương tân- nguyên an 
245 |a Sức mạnh của tính cách 
260 |b Hà Nội  |c 2006 
300 |a 402tr. ; 
OWN |a LTT 
999 |a From the UDN01 
TYP |a Monograph 
TYP |a Printed language 
980 |a Mạng thư viện Đại học Đà Nẵng